000 00428nam a2200181Ia 4500
001 14588
005 20260306164925.0
008 260306t2013||||xx |||||||||||||| ||spa||
041 _aESP
082 _a515.33
_bU851
100 _aUña Juárez, Isaias
_eAUT
245 0 _aCálculo en varias variables
260 _c2013
300 _a392 páginas :
_c26 cm.
650 _aGEN
654 _aCMA
942 _cLIB
_dJUS
_fJUS
_2ddc
_n
999 _c14588
_d14588